[Event "IOM Open-Masters 2017"]
[Site "Douglas"]
[Date "2017.09.26"]
[Round "4"]
[White "Salomon, Johan"]
[Black "Ojas, Kulkarni"]
[Result "1-0"]
[WhiteElo "2476"]
[BlackElo "2289"]
[Annotator "TA"]
[PlyCount "43"]
[EventDate "2017.??.??"]
[EventType "swiss"]
[EventCountry "GBR"]
[SourceTitle "playchess.com"]
[Source "ChessBase"]
[SourceQuality "1"]

{[%evp 18,43,31,9,49,33,48,18,31,16,33,28,25,23,99,114,159,133,147,138,141,149,158,92,204,139,310,298]} 1. Nf3 d5 2. d4 c5 3. c4 e6 {[%cal Be7e6,Be6d5,Bd5d4][%mdl 32]} 4. cxd5 exd5 5. Nc3 Nc6 6. dxc5 d4 7. Na4 Bxc5 {D32: Tarrasch Defence: Sidelines and lines without g3} 8. Nxc5 Qa5+ 9. Bd2 Qxc5 10. e3 {LiveBook: 7 Games} Bg4 (10... dxe3 11. Bxe3 Qb4+ 12. Qd2 Qxd2+ 13. Bxd2 Nge7 14. O-O-O Be6 15. b3 {½-½ (24) Anand,V (2792)-Sadler,M (2653) London 2014}) 11. Rc1 Qd6 12. Bc4 $146 ({Predecessor:} 12. exd4 Nge7 13. Be2 O-O 14. O-O Rad8 15. Re1 {1-0 (24) Krasenkow,M (2656)-Larino Nieto,D (2471) Leon 2010}) 12... Nf6 13. Qb3 O-O {White must now prevent ...Ne4.} 14. Nxd4 Nxd4 15. exd4 b5 (15... a6 $11 {keeps the balance.}) 16. Qxb5 $16 Ne4 17. Be3 Rab8 18. Qa5 $1 Rxb2 {[#]} 19. O-O $1 Qg6 {[#] Hoping for ...Bh3.} 20. Kh1 (20. Rfe1 $142 $1) 20... Rfb8 (20... Qf5 $16 21. Qxf5 (21. Qxa7 Bf3 $11) 21... Bxf5) 21. Qe5 {And now d5 would win.} Kh8 $2 (21... Nd6 $16 {is a better defense.}) 22. Bb3 {Precision: White = 50%, Black = 10%.} 1-0

[Event "IOM Open-Masters 2017"]
[Site "Douglas"]
[Date "2017.09.26"]
[Round "4"]
[White "Zumsande, Martin"]
[Black "Vignesh, B."]
[Result "1/2-1/2"]
[WhiteElo "2471"]
[BlackElo "2260"]
[Annotator "TA"]
[PlyCount "138"]
[EventDate "2017.??.??"]
[EventType "swiss"]
[EventCountry "GBR"]
[SourceTitle "playchess.com"]
[Source "ChessBase"]
[SourceQuality "1"]

{[%evp 17,138,0,25,0,0,-18,0,-2,0,-2,-2,-27,-31,-87,-59,-78,-60,-112,-102,-155,-74,-68,-84,-68,-63,-57,-31,-56,-70,-98,-88,-177,-172,-273,-187,-188,-153,-145,0,-185,-164,-150,-142,-140,-135,-136,-133,-126,-128,-131,-120,-129,-118,-139,-135,-154,-150,-156,-123,-160,-118,-182,-108,-131,-99,-100,-87,-77,-80,-78,-40,-46,-45,-55,-21,-61,170,44,44,42,44,44,37,18,23,14,16,12,92,69,54,1,1,1,1,1,1,1,8,8,8,0,1,1,1,0,0,0,0,0,0,0,0,0,0,0,0,0,0,0,0,0,0]} 1. e4 e6 2. d4 d5 3. Nc3 Nf6 4. Bg5 dxe4 {[#]} 5. Nxe4 $1 {[%mdl 512]} Be7 (5... Nxe4 6. Bxd8) 6. Bxf6 Bxf6 7. Nf3 O-O 8. Qd2 Nd7 9. O-O-O Be7 10. Kb1 {C13: Französische Verteidigung (Klassisches System)} (10. h4 b6 11. Bd3 Bb7 12. Qf4 Nf6 13. Nxf6+ Bxf6 14. Ng5 h6 15. Nh7 Re8 16. Nxf6+ Qxf6 17. Qxf6 gxf6 18. Rh3 Kf8 19. g4 Ke7 20. Be2 Rg8 {1-0 (57) Nepomniachtchi,I (2705)-Salgado Lopez,I (2615) Reykjavik 2015}) 10... c5 11. g4 $146 ({Vorgänger:} 11. dxc5 Qc7 12. Bd3 Nxc5 13. Nxc5 Qxc5 14. Qe2 Bf6 15. Rhe1 g6 16. Ne5 {½-½ (16) Alvir,A (2409)-Staudner,O (2360) Austria 2002}) 11... Qb6 12. Bg2 Rd8 13. Qe3 cxd4 14. Nxd4 Ne5 15. Qg3 (15. g5 $15) 15... Nc4 {[%csl Gc4][%cal Rb6b2]} ({Doch nicht} 15... Rxd4 16. Qxe5 Ra4 17. Rhe1 $11) 16. Nb3 Bd7 17. g5 (17. Ned2 $15 Nxd2+ 18. Rxd2) 17... Bc6 $1 $40 {[%mdl 128] Schwarz greift entschieden an.} 18. Qc3 (18. Rhg1 $142) 18... Qb4 (18... Nd6 $142 19. Qe5 Nxe4 20. Bxe4 Bxg5 $1 {[%mdl 512]} 21. Bxc6 Bf6) 19. Qxb4 Bxb4 20. c3 Be7 21. h4 Nd6 22. Nbd2 Nf5 23. Kc2 Rac8 24. h5 {[#]} (24. Nf1 $17) 24... Bxg5 $1 $19 {[%mdl 512]} 25. Rhg1 (25. Nb3 $142) (25. Nxg5 Bxg2) 25... Be7 26. Nb3 Nh4 27. Bh1 Nf5 ({Lieber} 27... Ba4 $17 {Droht ...Txd1 und aus.} 28. Ng3 b6) 28. Ned2 $2 (28. Bg2 $1 $11 {und Weiss muss sich keine Sorgen machen.}) 28... Bxh1 29. Rxh1 Nd4+ 30. Nxd4 Rxd4 31. Nb3 Rxd1 32. Rxd1 $17 {[%mdl 4096] Endspiel KTL-KTS} Rc7 33. a4 a6 34. f3 f6 35. Nd4 Kf7 36. Re1 e5 37. Nf5 g6 38. Ne3 Ke6 39. c4 (39. hxg6 $17 {ist eine bessere Verteidigung.} hxg6 40. Rh1) 39... Kf7 ({Auf keinen Fall} 39... gxh5 40. Rh1 $17) ({Besser ist} 39... g5 $1 $19 40. b3 Rc8) 40. b3 Bc5 41. Nd5 Rc8 42. hxg6+ hxg6 43. Rh1 Kg7 44. b4 Bf8 45. Kd3 Rd8 46. Kc3 b5 $2 {[#]} (46... f5 $15 {behält die Oberhand.}) 47. axb5 ({Der einzige Zug:} 47. Nc7 $1 $18 {[%cal Rc7e6]} Rc8 48. axb5 axb5 49. Nxb5) 47... axb5 $14 48. Nc7 {Droht stark Se6+.} Rc8 49. Nxb5 f5 50. Rd1 g5 51. Rd5 Kf6 52. c5 g4 {[#]} (52... Be7 $1 $11) 53. fxg4 $1 $16 fxg4 54. Nd6 (54. Kc4 $14) 54... Ke6 $11 {Die Stellung ist ausgeglichen.} 55. Rd3 Rd8 {[%cal Rf8d6]} 56. Ne4 Rxd3+ 57. Kxd3 {KL-KS} Kd5 58. Nf6+ Ke6 59. Ne4 Kd5 60. Nc3+ Kc6 61. Kc4 g3 62. b5+ Kb7 63. c6+ Ka7 64. Ne2 g2 65. Kd5 {Und weiter mit Ke6 wäre nett.} Kb6 66. Ke6 {Und Kd7 würde nun gewinnen.} Kc7 $1 67. Kxe5 Bc5 68. Kd5 g1=Q 69. Nxg1 Bxg1 {Precision: Weiß = 37%, Schwarz = 51%.} 1/2-1/2

[Event "IOM Open-Masters 2017"]
[Site "Douglas"]
[Date "2017.09.26"]
[Round "4"]
[White "Visakh, N R"]
[Black "Loew, Gerald"]
[Result "1-0"]
[WhiteElo "2458"]
[BlackElo "2262"]
[Annotator "TA"]
[PlyCount "93"]
[EventDate "2017.??.??"]
[EventType "swiss"]
[EventCountry "GBR"]
[SourceTitle "playchess.com"]
[Source "ChessBase"]
[SourceQuality "1"]

{[%evp 15,93,49,63,55,57,59,74,56,68,44,43,62,71,71,71,74,74,74,65,59,64,38,41,36,92,47,52,71,79,41,60,56,66,45,55,58,87,80,228,118,120,73,74,80,70,68,69,65,75,18,26,27,62,60,130,120,156,177,155,150,150,149,197,184,237,245,237,233,235,233,526,551,547,527,527,589,618,592,606,592]} 1. d4 d6 2. c4 Nf6 3. Nc3 e5 4. Nf3 Nbd7 5. e4 Be7 6. Be2 O-O 7. O-O c6 8. Re1 Qe8 {LiveBook: 11 Games. A55: Old Indian Defence with Nf3 and e4} 9. Qc2 (9. Bf1 Bd8 10. h3 Qe7 11. Be3 Ba5 12. Nd2 Rd8 13. Qc2 Nf8 14. d5 h6 15. a3 Bb6 16. b4 Bxe3 17. Rxe3 {0-1 (65) Jakovenko,D (2726)-Jobava,B (2706) Loo 2014}) 9... Bd8 10. h3 Qe7 {White is slightly better.} 11. Be3 Ba5 $146 ({Predecessor:} 11... Re8 12. Bf1 Ba5 13. Nd2 Bb6 14. Nb3 Nf8 15. Rad1 Bd7 16. c5 dxc5 17. dxe5 Qxe5 {1-0 (39) Hulak,K (2495)-Hickl,J (2455) Zagreb 1987}) 12. Nd2 exd4 13. Bxd4 Bb6 14. Bxb6 Nxb6 15. Rad1 Be6 16. Qd3 Rad8 17. Qg3 Rfe8 18. b3 Bc8 19. f4 a5 (19... Qc7 $14) 20. Kh2 Nbd7 21. Bf3 Nc5 22. Nf1 Be6 23. Qf2 h6 24. g4 Nh7 25. Ng3 g5 26. Bg2 Qf6 (26... gxf4 $16 {is a better defense.} 27. Qxf4 Qf6 28. Qxf6 Nxf6) 27. Nce2 (27. e5 $1 $18 {[%cal Re5f6]} Qxf4 28. Qg1) 27... gxf4 $16 28. Qxf4 a4 29. Qe3 Qg5 30. Nd4 Nf6 31. Qxg5+ hxg5 {[#]} 32. Nxe6 (32. e5 $1 $16 {[%cal Re5f6]} axb3 33. Nxe6 (33. exf6 bxa2 34. Ra1 Bxc4 $11) (33. Nxb3 Nxb3 34. axb3 dxe5 $11) (33. axb3 Bxg4 34. exf6 Bxd1 $16) 33... Rxe6 34. axb3) 32... Rxe6 33. b4 Na6 34. a3 Rde8 {[#]} ({Black should try} 34... Nd7 $1 $14) 35. Rf1 $1 ({Resist} 35. Nf5 Nxe4 36. Rf1 f6 $14) 35... Nd7 36. Nf5 Ne5 37. Nxd6 R8e7 38. c5 Nc7 39. Rf5 Rg6 (39... Kf8 $142 40. Rxg5 Nb5 41. Nxb5 cxb5) 40. Bf1 $18 Ne8 41. Nc8 Ree6 42. Nb6 Ng7 $2 (42... Re7 43. Rd8 (43. Nxa4 Ng7 $18) 43... Kh7) 43. Rd8+ {White is clearly winning.} Kh7 44. Nd7 Nxg4+ 45. hxg4 Rh6+ 46. Kg1 {Nf8+ would kill now.} Nxf5 47. Nf8+ {Precision: White = 80%, Black = 40%.} ({Not} 47. gxf5 Rxe4 48. Bd3 Rg4+ 49. Kf2 f6 $16) 1-0

[Event "IOM Open-Masters 2017"]
[Site "Douglas"]
[Date "2017.09.26"]
[Round "4"]
[White "Esserman, Marc"]
[Black "Jones, Gawain C B"]
[Result "0-1"]
[WhiteElo "2453"]
[BlackElo "2668"]
[Annotator "TA"]
[PlyCount "112"]
[EventDate "2017.??.??"]
[EventType "swiss"]
[EventCountry "GBR"]
[SourceTitle "playchess.com"]
[Source "ChessBase"]
[SourceQuality "1"]

{[%evp 12,112,10,10,10,9,10,7,6,4,8,1,8,8,6,8,16,5,22,12,27,14,15,-10,0,-18,9,16,43,35,37,13,26,46,31,19,19,25,25,21,37,26,36,39,37,16,47,39,36,28,33,6,8,4,4,16,10,19,25,0,0,0,0,-114,0,0,0,-22,-17,-102,-103,-172,-181,-139,-107,-92,-106,-94,-85,-144,-148,-160,-132,-158,-156,-175,-168,-167,-165,-177,-166,-160,-138,-226,-207,-699,-681,-677,-675,-643,-625,-1559,-1559]} 1. Nf3 Nf6 2. d4 g6 3. e3 Bg7 4. Be2 O-O 5. O-O d6 6. b3 e5 {A48: 1 d4 Nf6 2 Nf3 g6: Torre, London and Colle Systems} 7. dxe5 {LiveBook: 3 Games} dxe5 $146 ({Predecessor:} 7... Ng4 8. Bb2 Nc6 9. c4 Ngxe5 10. Qd2 Nxf3+ 11. Bxf3 Bxb2 12. Qxb2 Ne5 13. Be2 Qe7 14. Nc3 c6 15. Rad1 f5 16. Rfe1 a6 17. f4 Nf7 {1-0 (45) Esserman,M (2467)-Belous,M (2366) Budapest 2017}) 8. Ba3 Qxd1 {The position is equal.} 9. Rxd1 Re8 10. Nc3 e4 11. Nd2 a6 12. Bb2 Nc6 13. h3 h5 14. Bf1 h4 15. a3 b6 16. Rab1 Bb7 17. Nc4 Rac8 18. Ba1 Re6 19. b4 Ne7 20. Ne2 {Nd4 is the strong threat.} Nf5 21. Rd2 Ree8 22. Rbd1 Bc6 23. Nd4 Nxd4 24. Bxd4 Bb5 25. Nb2 Bxf1 26. Kxf1 Nh7 27. Bxg7 Kxg7 28. c4 Nf6 29. Na4 Re6 30. c5 a5 31. bxa5 bxa5 32. Rb1 Re5 33. Rb5 Ra8 34. Rd4 Nd5 35. Ke2 Ra6 36. Ke1 Rf6 37. Rd2 (37. Rb2 $11) 37... Ref5 (37... Rg5 $1 $17 {[%cal Rg5g2]} 38. c6 (38. Rxa5 Rxg2 39. Rb5 Nxe3 $19) 38... Rff5) 38. Re2 Ra6 39. Kf1 g5 40. Ke1 (40. Kg1 $11) 40... Rg6 $1 $17 41. c6 (41. Rxa5 $17 {might work better.} g4 42. Kd2) 41... Rxc6 $19 42. Rxa5 Rc4 43. Kd2 {[#]} Nxe3 $1 {[%mdl 512]} 44. Rxf5 (44. Kxe3 Rxa5) 44... Nxf5 $17 {[%mdl 4096] Endgame KRN-KRN} 45. Nc3 {[#]} (45. Nb2 $142 Rd4+ 46. Kc3) 45... Nd6 $1 46. a4 f5 47. Kc2 Rc6 48. Kb3 Nb7 49. Kb4 Rb6+ 50. Kc4 {[#]} Kf7 $1 51. Nd5 Rc6+ 52. Kd4 (52. Kb4 $17) 52... Ke6 53. f3 $2 (53. Nb4 Rc1 54. Nc2) 53... Nd6 $19 {Black is clearly winning.} 54. Ne3 f4 55. Rc2 Ra6 56. fxe4 Rxa4+ {Precision: White = 49%, Black = 72%.} 0-1

[Event "IOM Open-Masters 2017"]
[Site "Douglas"]
[Date "2017.09.26"]
[Round "4"]
[White "Swayams, Mishra"]
[Black "Ju, Wenjun"]
[Result "0-1"]
[WhiteElo "2444"]
[BlackElo "2574"]
[Annotator "TA"]
[PlyCount "82"]
[EventDate "2017.??.??"]
[EventType "swiss"]
[EventCountry "GBR"]
[SourceTitle "playchess.com"]
[Source "ChessBase"]
[SourceQuality "1"]

{[%evp 11,82,0,9,0,0,0,5,0,5,-5,17,9,6,11,28,0,17,0,0,0,9,-4,0,-12,0,0,0,-54,-54,-50,-56,-49,-44,-60,-27,-21,-27,-33,-31,-17,-31,-33,-25,-28,-24,-42,-43,-37,-31,-260,-242,-230,-237,-428,-428,-427,-414,-408,-420,-407,-392,-739,-688,-685,-687,-685,-667,-622,-710,-666,-616,-616,-598]} 1. d4 Nf6 2. c4 e6 3. Nf3 b6 4. a3 Ba6 5. e3 d5 6. b3 Be7 {LiveBook: 23 Games. E12: Queen's Indian: Unusual White 4th moves, 4 a3, 4 Nc3 Bb7 5 a3 and 4 Nc3 Bb7} (6... c5 7. Bb2 cxd4 8. exd4 g6 9. Be2 Bg7 10. O-O O-O 11. Nbd2 Nc6 12. Ne5 Rc8 13. Rc1 dxc4 14. Nxc6 Rxc6 15. bxc4 {½-½ (42) Makarov,M (2518)-Shirov,A (2700) Loo 2013}) 7. Be2 O-O 8. O-O c5 {The position is equal.} 9. Bb2 cxd4 10. exd4 dxc4 11. bxc4 Nc6 12. Nbd2 $146 ({Predecessor:} 12. Nc3 Na5 13. Nb5 Bxb5 14. cxb5 Rc8 15. Ne5 Nd5 16. Bd3 Nc3 17. Qh5 g6 18. Nxg6 fxg6 19. Bxg6 hxg6 20. Qxg6+ Kh8 21. Qh6+ {½-½ (21) Moeldner,J (2225)-Baerwinkel,T Bad Bergzabern 1997}) 12... Rc8 13. Rc1 Na5 14. Ne5 Nd7 15. Nef3 Rc7 16. Bd3 Nc5 17. Be2 Bf6 18. Bc3 Ncb7 $1 {[%cal Ra5c4]} 19. c5 ({Better is} 19. Re1 $11) 19... Bxe2 $15 20. Qxe2 bxc5 {[%cal Rf6d4]} 21. Bxa5 Nxa5 22. Rxc5 Nb7 23. Rxc7 Qxc7 24. Ne4 Be7 25. Qa6 Na5 26. a4 Rb8 27. h3 g6 28. Rd1 Qc2 29. Re1 Nc6 30. Nc5 $2 {[#]} (30. Kh2 $1 $15) 30... Nxd4 $1 $19 {[%mdl 512]} 31. Nxd4 Qxc5 32. Nc6 $2 {[#]} (32. Nb5) 32... Bh4 $1 {[%mdl 512]} 33. Rf1 {[#]} Bxf2+ $1 {[%mdl 512]} 34. Kh1 (34. Rxf2 Rb1+) 34... Rb2 35. Qc8+ Kg7 36. Qe8 $2 (36. Qc7) 36... Rc2 {( -> ...Rc1). Black is clearly winning.} 37. Nd8 Qc7 38. Nxe6+ fxe6 39. Qxe6 Rc1 {[%cal Rc1f1]} 40. Qe2 Rxf1+ 41. Qxf1 Bg3 {Precision: White = 47%, Black = 76%.} 0-1

[Event "IOM Open-Masters 2017"]
[Site "Douglas"]
[Date "2017.09.26"]
[Round "4"]
[White "Gaponenko, Inna"]
[Black "Sargissian, Gabriel"]
[Result "0-1"]
[WhiteElo "2437"]
[BlackElo "2652"]
[Annotator "TA"]
[PlyCount "68"]
[EventDate "2017.??.??"]
[EventType "swiss"]
[EventCountry "GBR"]
[SourceTitle "playchess.com"]
[Source "ChessBase"]
[SourceQuality "1"]

{[%evp 22,68,33,25,34,18,40,10,12,6,7,8,5,3,16,0,17,0,0,-17,-12,-10,-14,-17,0,0,0,-7,0,-11,12,0,25,-50,-49,-50,-50,-49,-43,-50,-42,-154,-156,-158,-152,-398,-381,-29997,-29998]} 1. e4 e5 2. Nf3 Nc6 3. Bb5 Nf6 4. O-O Nxe4 5. Re1 Nd6 6. Nxe5 Be7 7. Bf1 Nf5 {C67: Ruy Lopez: Berlin Defence: 4 0-0 Nxe4} 8. Nf3 d5 9. d4 O-O 10. c3 Bd6 11. Bd3 Re8 12. Rxe8+ {LiveBook: 27 Games} Qxe8 13. Nbd2 f6 14. Nf1 {[#]} Qf7 $146 ({Predecessor:} 14... b6 15. Ng3 {½-½ (55) Guliyev,N (2579)-Kramnik,V (2777) Berlin 2015}) 15. Qc2 g6 16. Bd2 Bd7 17. Re1 b6 18. Ng3 Nce7 19. c4 Nxg3 $1 20. c5 {[#]} Ne4 $1 {[%cal Rb6c5]} 21. cxd6 (21. Bxe4 dxe4) 21... cxd6 22. Bxe4 {aiming for Bd3.} dxe4 23. Qxe4 Nd5 24. h3 Bc6 25. Nh2 h5 26. Nf1 (26. Qf3 {looks sharper.} Re8 27. Qg3 Rxe1+ 28. Bxe1 Nc7 29. Nf1) 26... Bb7 27. Qe6 ({White should try} 27. Qd3 $11) 27... Qxe6 $15 28. Rxe6 Kf7 $36 {[%mdl 2048] Black is pushing.} 29. Re1 Rc8 30. Ne3 Nf4 31. Nf5 {[#]} (31. b3 $15) 31... Nxh3+ $1 $17 {[%mdl 512]} 32. gxh3 gxf5 33. Rc1 $2 (33. Kf1 $17) 33... Rg8+ $19 34. Kf1 $2 (34. Kh2 $19 Rg2+ 35. Kh1 Rg3+ 36. Kh2 Rg2+ 37. Kh1) 34... Ba6+ {Precision: White = 21%, Black = 64%.} 0-1

[Event "IOM Open-Masters 2017"]
[Site "Douglas"]
[Date "2017.09.26"]
[Round "4"]
[White "Kiewra, Keaton"]
[Black "Mueller, Philipp"]
[Result "1-0"]
[WhiteElo "2433"]
[BlackElo "2220"]
[Annotator "TA"]
[PlyCount "51"]
[EventDate "2017.??.??"]
[EventType "swiss"]
[EventCountry "GBR"]
[SourceTitle "playchess.com"]
[Source "ChessBase"]
[SourceQuality "1"]

{[%evp 18,51,19,19,12,11,10,9,7,9,14,10,13,-6,20,0,0,0,12,-8,-10,-10,-12,-20,55,58,47,7,92,47,280,133,273,266,483,477]} 1. d4 Nf6 {[%cal Bg8f6,Bf6h5,Bh5g7,Bg7f5][%mdl 32]} 2. Bf4 g6 3. Nf3 d6 4. e3 Nh5 5. Bg5 h6 6. Bh4 {A48: 1 d4 Nf6 2 Nf3 g6: Torre, London and Colle Systems} g5 7. Nfd2 Ng7 8. Bg3 Nf5 9. Bd3 Bg7 10. c3 {LiveBook: 3 Games} Nxg3 (10... e6 11. Na3 Nd7 12. Qf3 Nxg3 13. hxg3 {½-½ (53) Le,Q (2739)-Kasparov,G (2812) Saint Louis 2017}) 11. hxg3 c5 $146 ({Predecessor:} 11... Nd7 12. g4 Nf6 13. f3 {½-½ (57) Nemcova,K (2359)-Krush,I (2444) Saint Louis 2017}) 12. dxc5 dxc5 13. Nc4 Nc6 14. a4 {[%cal Ba2a4,Ba4a5,Ba5a6][%mdl 32]} Be6 15. Qe2 Qd7 16. Nbd2 O-O-O 17. Bc2 Kb8 18. a5 Ne5 19. Nxe5 Bxe5 20. a6 Bg4 (20... b5 $11) 21. Nf3 $14 Bc7 22. O-O f5 (22... b6 $11) 23. b4 {[%cal Bb2b4,Bb4c5][%mdl 32]} f4 $2 {[#]} (23... cxb4 $1 $14 24. axb7 (24. cxb4 b6 $14) 24... Qc6) 24. exf4 (24. bxc5 $18 {is the precise move to win.} fxg3 25. Rfb1 (25. axb7 Bxf3 26. gxf3 Qh3 $14)) 24... gxf4 (24... cxb4 $16 25. axb7 (25. fxg5 hxg5 26. axb7 Bxf3 $11) (25. cxb4 gxf4 26. gxf4 Qd6 $16) 25... Bxf3 26. gxf3 (26. Qxf3 gxf4 27. cxb4 Bb6 $18) 26... Qd2) 25. bxc5 $18 ({Weaker is} 25. axb7 Bxf3 26. Qxf3 cxb4 $16) 25... fxg3 $2 (25... Qe6 26. Qe4 Qxe4 27. Bxe4 b6) 26. Rfb1 {Precision: White = 50%, Black = 31%.} 1-0

[Event "IOM Open-Masters 2017"]
[Site "Douglas"]
[Date "2017.09.26"]
[Round "4"]
[White "Raja, Harshit"]
[Black "Lorscheid, Gerhard"]
[Result "1-0"]
[WhiteElo "2423"]
[BlackElo "2192"]
[Annotator "TA"]
[PlyCount "121"]
[EventDate "2017.??.??"]
[EventType "swiss"]
[EventCountry "GBR"]
[SourceTitle "playchess.com"]
[Source "ChessBase"]
[SourceQuality "1"]

{[%evp 20,121,82,67,68,65,106,85,88,88,92,68,77,77,108,95,134,106,116,118,114,108,110,81,89,86,92,68,74,68,70,54,45,14,66,74,76,76,77,76,76,79,98,66,97,79,99,80,77,75,132,113,138,132,135,112,135,135,130,135,135,119,112,0,135,135,135,120,135,0,141,117,120,108,120,112,122,110,110,107,112,110,112,105,112,112,113,94,103,120,106,82,137,128,179,179,179,179,164,163,228,227,227,200]} 1. e4 d6 2. d4 Nf6 3. Nc3 e5 4. Nf3 Nbd7 5. Bc4 Be7 6. a4 O-O 7. O-O c6 8. Re1 b6 9. Bg5 a6 10. d5 {C41: Philidor Defence} (10. Qe2 Qc7 11. d5 c5 12. Nd2 Qd8 13. Be3 Ne8 14. Rab1 Bg5 15. b4 Bxe3 16. Qxe3 g6 17. Bf1 f5 18. exf5 gxf5 {1-0 (36) Grischuk,A (2774)-Bocharov,D (2560) Berlin 2015}) 10... c5 11. Nd2 {LiveBook: 13 Games} h6 12. Be3 {White is slightly better.} Qe8 $146 ({Predecessor:} 12... Ne8 13. Bf1 Ndf6 14. Nc4 Rb8 15. f4 Ng4 16. Bd2 exf4 17. Bxf4 Bf6 {1-0 (46) Kurnosov,I (2633)-Pridorozhni,A (2550) Khanty-Mansiysk 2011}) 13. Bf1 Bd8 14. Nc4 Qe7 15. Ra3 Rb8 16. Rb3 Ne8 17. Bc1 Rb7 18. Qg4 Qh4 19. Qxh4 Bxh4 20. g3 Bd8 21. Bh3 Bc7 22. f4 Rb8 23. Kg2 Nef6 24. Rd1 Re8 25. Kf3 h5 26. Bf1 Ng4 (26... exf4 $11 27. gxf4 Bb7) 27. Kg2 $14 g6 28. h3 Ngf6 29. Bd3 Kg7 30. Rf1 Nh7 31. Ne3 Bd8 32. Bd2 Bc7 33. f5 Ndf6 34. Ra3 g5 ({Black should try} 34... Ra8) 35. Rb1 Kf8 36. Rb3 Ke7 37. Be2 Rg8 38. Rh1 Nf8 39. Ra3 N8d7 40. Nf1 Bb7 {Black wants to play ...Nxe4!} 41. Ne3 Bc8 $1 42. Raa1 Bd8 43. Bc1 Bc7 44. Bd2 Bd8 $1 45. Be1 Bc7 46. Bf2 Rh8 47. Bd3 Rg8 48. Ra2 Rh8 49. Kf1 {[%cal Bg2f1,Bf1e2,Be2f3,Bf3f2][%mdl 32]} Rg8 50. Ke2 Rh8 51. Raa1 Rg8 52. Nf1 Rh8 53. Nd2 Rg8 54. Kf3 Rh8 55. Be3 Nh7 (55... g4+ $142 56. Kf2 gxh3) 56. Rab1 f6 (56... Bb7 $16 {keeps fighting.} 57. g4 Nhf6) 57. Kf2 $18 {White is clearly better.} Nhf8 58. Be2 Rh7 59. Nf3 Rg7 (59... Bd8 $142 60. Kg2 Kf7) 60. h4 {[%cal Rh4g5]} g4 {[#]} 61. Ng5 $1 {[%mdl 512] Precision: White = 41%, Black = 54%.} 1-0

[Event "IOM Open-Masters 2017"]
[Site "Douglas"]
[Date "2017.09.26"]
[Round "4"]
[White "Arkell, Keith C"]
[Black "Aravindh, Chithambaram Vr"]
[Result "0-1"]
[WhiteElo "2415"]
[BlackElo "2573"]
[Annotator "TA"]
[PlyCount "80"]
[EventDate "2017.??.??"]
[EventType "swiss"]
[EventCountry "GBR"]
[SourceTitle "playchess.com"]
[Source "ChessBase"]
[SourceQuality "1"]

{[%evp 26,80,21,12,5,0,0,0,0,0,0,0,0,0,0,-14,21,18,26,30,21,-19,-27,-12,-14,-14,2,5,9,-11,-12,-11,-6,-18,0,-11,0,-143,-143,-131,-143,-157,-155,-148,-160,-143,-143,-144,-144,-190,-181,-273,-258,-1321,-816,-206,-165]} 1. d4 Nf6 2. Nf3 d5 3. c4 e6 4. cxd5 exd5 5. Nc3 Bb4 6. Qa4+ Nc6 7. Bg5 h6 8. Bxf6 Qxf6 9. e3 O-O 10. Be2 Rd8 11. O-O {D38: Queen's Gambit Declined: Ragozin Defence (4 Nf3 Bb4)} Bf8 12. Rfc1 Ne7 13. b4 a6 14. Qb3 {LiveBook: 4 Games} c6 15. a4 (15. Na4 Bg4 16. Nc5 Ra7 17. a4 Nc8 18. Ra2 Bxf3 19. Bxf3 {½-½ (63) Kramnik,V (2783)-Aronian,L (2815) Stavanger 2014}) 15... Be6 {[#]} 16. Nd1 $146 {[%cal Bc3d1,Bd1b2,Bb2d3,Bd3c5][%mdl 32]} ({Predecessor:} 16. Ne5 Ng6 17. Nd3 Qg5 18. Nb1 Bh3 {1-0 (41) Lenderman,A (2581)-Pavlovic,M (2478) Richardson 2012}) 16... Nf5 17. Nb2 Nd6 18. Nd3 Re8 19. Nc5 Bg4 20. Qd1 (20. Ra2 {with more complications.} Bh5 21. h3 Rac8 22. Nd7 Qe6 23. Nc5) 20... Bxf3 21. Bxf3 Re7 22. Be2 g6 23. b5 axb5 24. axb5 Rxa1 25. Rxa1 cxb5 26. Qb3 Rc7 27. Qxd5 Rxc5 28. Qxc5 Ne4 $36 {[%mdl 2048] Black fights for an advantage.} 29. Qxb5 {[#] Hoping for Bf3.} Qxf2+ 30. Kh1 Qxe3 {( -> ...Nf2+)} 31. Rf1 (31. g3 $1 $11) 31... Nf2+ $17 32. Rxf2 Qxf2 33. g3 Bg7 34. Qe8+ Kh7 35. Qe4 Bxd4 {[%csl Gd4][%cal Rf2g1] [#]} 36. Qg2 Qe3 37. h4 Be5 38. h5 (38. g4 {keeps fighting.}) 38... Qxg3 $19 ({Weaker is} 38... Bxg3 39. Qxb7 Qf2 40. hxg6+ Kxg6 41. Qg2 $17) 39. hxg6+ $2 (39. Qxg3 Bxg3 40. Kg2) 39... Kxg6 40. Bd3+ Kg7 {Precision: White = 38%, Black = 77%.} 0-1